The penguin dictionary of psychology

Zapisane w:
Opis bibliograficzny
1. autor: Reber, Arthur S.
Format: Książka
Język:Undetermined
Wydane: London Penguin books 2001
Hasła przedmiotowe:
Etykiety: Dodaj etykietę
Nie ma etykietki, Dołącz pierwszą etykiete!
Thư viện lưu trữ: Trung tâm Học liệu Trường Đại học Cần Thơ
LEADER 00541nam a2200205Ia 4500
001 CTU_100085
008 210402s9999 xx 000 0 und d
020 |c 240000 
082 |a 150.03 
082 |b R289 
100 |a Reber, Arthur S. 
245 4 |a The penguin dictionary of psychology 
245 0 |c Arthur S. Reber, Emily S. Reber 
260 |a London 
260 |b Penguin books 
260 |c 2001 
650 |a Psychology 
650 |x Dictionaries 
904 |i Hiếu 
980 |a Trung tâm Học liệu Trường Đại học Cần Thơ